| 000 | 00670cam a22002293a 4500 | ||
|---|---|---|---|
| 001 | 20376 | ||
| 003 | PGUSA | ||
| 005 | 20140828083430.0 | ||
| 008 | 070115s2007||||xxu|||||s|||||000 | eng d | ||
| 040 |
_aPGUSA _beng |
||
| 042 | _adc | ||
| 050 | 4 | _aPH | |
| 100 | 1 |
_aKiljander, Robert, _d1848-1924 |
|
| 245 | 1 | 0 |
_aPostikonttorissa : _bPikkukaupungin kuvaus yhdessä näytöksessä _h[electronic resource] / _cRobert Kiljander |
| 260 |
_bProject Gutenberg, _c2007 |
||
| 506 | _aPublic domain in the USA. | ||
| 516 | _aElectronic text | ||
| 653 | _aFinnish drama | ||
| 830 | 0 |
_aProject Gutenberg _v20376 |
|
| 856 | 4 | 0 | _uhttp://www.gutenberg.org/ebooks/20376 |
| 942 | _cEB | ||
| 999 |
_c249631 _d249631 |
||